Drevo ako výrazový prostriedok súčasnej architektúry (použitie v exteriéri) : doktorandská dizertačná práca

Salvato in:
Dettagli Bibliografici
Autore principale: Varga, Tibor, 1977- (Autore)
Natura: Manoscritto Libro
Lingua:slovacco
Pubblicazione: Bratislava : STU FA, 2010
Soggetti:
Accesso online:CRZP
Tags: Aggiungi Tag
Nessun Tag, puoi essere il primo ad aggiungerne!!

MARC

LEADER 00000ntm a22000003a 4500
001 stu224081
005 20230322123604.1
008 110415s2010------------------------slo-d
040 |a STU  |b slo 
041 0 |a slo 
100 1 |a Varga, Tibor,  |d 1977-  |4 aut  |u A2120  |9 100  |U FAD Fakulta architektúry  |T FA Ústav ekologickej a experimentálnej architektúry  |X 337  |U A2120  |Y 393  |7 A000000337 
245 1 |a Drevo ako výrazový prostriedok súčasnej architektúry (použitie v exteriéri) :  |b doktorandská dizertačná práca 
260 |a Bratislava :  |b STU FA,  |c 2010 
300 |a 108 
650 7 |a drevo  |2 stusub 
856 4 0 |u https://opac.crzp.sk/?fn=detailBiblioForm&sid=B3E4DED1CE64EF1DB1953DD78C74  |3 CRZP 
996 |b 284AB01078  |c A*7745 V  |l AAKNST  |s P  |a 0  |w stu224081_0001